[Event "EU-ch 12th"]
[Site "Aix les Bains"]
[Date "2011.03.23"]
[Round "2"]
[White "Zvjaginsev, Vadim"]
[Black "Serov, Maksim"]
[Result "1/2-1/2"]
[WhiteElo "2663"]
[BlackElo "2352"]
[Annotator "Marchand,A/Primel,D"]
[PlyCount "93"]
[EventDate "2011.03.22"]
[EventType "swiss"]
[EventRounds "11"]
[EventCountry "FRA"]
[SourceTitle "CBM 142 Extra"]
[Source "ChessBase"]
[SourceDate "2011.06.27"]
[SourceVersion "1"]
[SourceVersionDate "2011.06.27"]
[SourceQuality "1"]
[TimeControl "40/5400+30:1800+30"]

1. c4 Nf6 2. Nc3 g6 3. e4 d6 4. d4 Bg7 5. Nge2 (5. Bd3 O-O 6. Nge2 Nbd7 7. Bc2
(7. O-O c5 (7... a6) 8. d5 Ne5 9. f4 Nxd3 10. Qxd3 e6 11. dxe6 fxe6 (11... Bxe6
) 12. Rd1 e5 {Reinderman,D (2540)-Visser,Y (2370) VAM Hoogeveen op 1998 (2) 0-1
} (12... Ne8 13. e5 Rf7 $13 {Seirawan})) 7... a6) 5... a6 (5... Nbd7) 6. Ng3 h5
(6... Nbd7 7. a4 h5 8. Be2 e5 9. Be3 exd4 10. Bxd4 Ne5 11. h3 Qe7 12. f4 h4 13.
Nf1 Nc6 14. Nd5 Qd8 15. Bc3 O-O 16. Nd2 Nxd5 17. cxd5 Nd4 18. O-O Re8 19. Bd3
c6 20. f5 cxd5 21. f6 {Jussupow,A (2655)-Kasparov,G (2805)/Moscow 1994/CBM 045/
0-1 (32)}) 7. Be2 e5 $146 (7... c5 8. d5 b5 9. cxb5 O-O 10. Bg5 Nh7 11. Bd2 h4
12. Nf1 f5 13. exf5 gxf5 14. f4 axb5 15. Bxb5 e5 16. dxe6 Bxe6 17. Qe2 Rf6 18.
Ne3 Kh8 19. Ned5 Rg6 20. a4 Ra7 21. O-O-O Qg8 22. Qf3 {Novikov,I (2575)
-Shabalov,A (2595)/San Diego 2006/CBM 112/1-0 (31)}) (7... c6 8. a4) 8. Bg5 Bd7
9. O-O h4 10. Nh1 {"un fort coup d'attaque"} Nc6 11. dxe5 dxe5 12. Nd5 Nd4 13.
f4 Ne6 14. fxe5 Nxg5 15. exf6 Bf8 16. Nf2 c6 17. Nc3 Qc7 18. Bg4 O-O-O 19.
Bxd7+ Rxd7 {Une erreur de saisie de la FFE et c'est Rd7 qui a été joué} (19...
Qxd7 {La suite saisie par la FFE} 20. Qg4 Ne6 21. Nd5 cxd5 22. cxd5 Nc5 23. b4
Na4 24. Rac1+ Kb8) 20. Qg4 Ne6 21. Nd5 $1 {Bien évidemment avec 19. Qd7, ce
coup serait moins logique} cxd5 22. cxd5 Nc5 23. b4 Na4 (23... h3 24. Rac1 hxg2
25. Qxg2 b6 26. bxc5 Bxc5 $13 {[%csl Rc8,Rg1]}) 24. Rac1 Nc3 25. Nd3 Kd8 $1 (
25... Kb8 26. Kh1 Bh6 27. Nc5) (25... h3 $1) 26. Kh1 Bh6 27. Rc2 Re8 28. Qxh4 (
28. e5 Rxd5 29. Qf3 Rd4 30. Nc5 $16 {[%csl Rb7]}) 28... Be3 29. Nc5 Bxc5 30.
Rxc3 Bf2 $1 31. Qh3 Qb6 32. e5 Bd4 33. e6 $1 Bxc3 34. Qxc3 Rxd5 35. exf7 Rf8
36. Qg3 Rxf7 $4 {Zeitnot?} (36... Qd6 37. Qxg6 Rd1) 37. Qxg6 Qxf6 38. Qg8+ Ke7
39. Rg1 Qe5 (39... Rd1 $1 $19 {[%csl Rh1][%cal Gf6f1]}) 40. h3 Rd3 {Ce qui est
surprenant est le fait que malgré le passage du contrôle de temps, les Noirs
ne vont pas arriver а trouver le gain} 41. Qc8 Rd7 42. Rc1 Rg7 43. Rf1 Rd8 $2
44. Qxb7+ Rd7 45. Qc8 Rd2 46. Qb7+ Ke8 47. Qc8+ 1/2-1/2

[Event "EU-ch 12th"]
[Site "Aix les Bains"]
[Date "2011.04.01"]
[Round "10"]
[White "Aleksandrov, Aleksej"]
[Black "Shimanov, Aleksandr"]
[Result "1-0"]
[WhiteElo "2638"]
[BlackElo "2550"]
[Annotator "Kuzmin,Alexey"]
[PlyCount "135"]
[EventDate "2011.03.22"]
[EventType "swiss"]
[EventRounds "11"]
[EventCountry "FRA"]
[SourceTitle "CBM 142 Extra"]
[Source "ChessBase"]
[SourceDate "2011.06.27"]
[SourceVersion "1"]
[SourceVersionDate "2011.06.27"]
[SourceQuality "1"]

1. d4 Nf6 2. c4 g6 3. Nc3 Bg7 4. e4 O-O 5. Bg5 d6 6. Qd2 Na6 ({After} 6... Nbd7
{White transfers the game to a profitable variation of the Sämisch system.} 7.
f3 ({Another attractive looking move is} 7. Nge2) 7... e5 8. d5 h6 9. Be3 Nh7
10. O-O-O $14 {Kortschnoj,V (2695)-Biyiasas,P (2485)/Wijk aan Zee 1980}) (6...
e5 $2 7. dxe5 dxe5 8. Qxd8 Rxd8 9. Nd5 $16) 7. Bd3 ({White can choose a plan
with short castling.} 7. Rd1 Qe8 8. Bd3 e5 9. d5 Nc5 10. Bc2 a5 11. Nge2 Nh5
12. Nb5 Qd7 13. O-O $14 {1-0 Beliavsky,A (2613)-Kadric,D (2407)/Sarajevo BIH
2012 (51)}) 7... e5 8. d5 Qe8 9. Nge2 {A similar position appears in the
Averbakh variation 5.Be2 d6 6.Bg5 Na6 7.Qd2 e5 8.d5 Qe8 9.Bd3, but in this
case White didn't lose a tempo on Be2-d3 and it provides White with better
chances.} Nh5 10. f3 f5 11. O-O-O f4 (11... Nc5 12. Bc2 Bd7 {Grischuk,A (2756)
-Carlsen,M (2813)/Nice 2010} 13. Ng3 Nxg3 14. hxg3 fxe4 15. Nxe4 $14) 12. Bh4
$14 {A space advantage in the center gives White some better chances.} c5 13.
dxc6 bxc6 $14 14. Bc2 ({A more energetic move is} 14. c5 $5 Nxc5 15. Bc4+ Be6
16. Qxd6 Bxc4 17. Qxc5 $14 {The black pawn weakness provides White with some
advantage.}) 14... Bf6 15. Bf2 ({White could retain some initiative White with
} 15. Bxf6 Rxf6 16. g4 $1 $36) 15... Be7 $13 16. Na4 Be6 17. Bb3 Qf7 18. Qa5
Bxc4 19. Nec3 Bxb3 20. axb3 Nb8 21. Qc7 Nf6 22. b4 Nbd7 23. Qxc6 Rfc8 24. Qa6
Qb3 25. Kb1 Qxb4 26. Rd2 Rc4 27. Rc1 Kf7 28. Na2 Qxd2 29. Qxc4+ d5 30. exd5
Qxf2 31. d6+ Kg7 32. dxe7 Qxg2 33. Nc5 Nxc5 34. Qxc5 Qxf3 35. Qxe5 Qe4+ 36.
Qxe4 Nxe4 37. Nb4 Re8 38. Nc6 Kf6 39. Rd1 g5 40. Kc2 Kf7 41. b4 a6 42. Ra1 Ke6
43. Rxa6 Kd5 44. Kd3 Nd6 45. Nd4 Nc4 46. Nf5 Ke5 47. Nh6 Kd5 48. Nf5 Ne5+ 49.
Ke2 Nc6 50. Kf3 Ne5+ 51. Kg2 Nc6 52. Kf3 Ne5+ 53. Kf2 Nc6 54. Rb6 Ke5 55. Nh6
Nd4 56. Nf7+ Kd5 57. Rd6+ Kc4 58. Rxd4+ Kxd4 59. Nd6 Rxe7 60. Nf5+ Kc4 61. Nxe7
Kxb4 62. Kf3 Kc4 63. Nf5 Kd3 64. Nd6 h5 65. Ne4 g4+ 66. Kxf4 Ke2 67. Kg3 Kf1
68. Nf6 1-0

[Event "Biel Breisacher Memorial"]
[Site "Biel"]
[Date "2013.07.30"]
[Round "8"]
[White "Rapport, Richard"]
[Black "Ding, Liren"]
[Result "0-1"]
[WhiteElo "2693"]
[BlackElo "2714"]
[Annotator "Ding Liren"]
[PlyCount "118"]
[EventDate "2013.07.22"]
[EventType "tourn"]
[EventRounds "10"]
[EventCountry "SUI"]
[EventCategory "19"]
[SourceTitle "CBM 156"]
[Source "ChessBase"]
[SourceDate "2013.09.17"]
[SourceVersion "1"]
[SourceVersionDate "2013.09.17"]
[SourceQuality "1"]

{Before this game, I was in 2nd place. Knowing my opponent's aggressive and
creative style, I was expecting a major struggle.} 1. d4 Nf6 2. c4 g6 3. Nc3
Bg7 4. e4 d6 5. Nge2 O-O 6. Ng3 {I played 5 King's Indians with Black in Biel 
(5 is all!). This time my opponent played a sideline. 6.Ng3 prevents the
typical f5-break, but itself may become a target for Black.} Nbd7 ({The
immediate 6...a6 is the other main move, with the idea of 7...c5 followed by ..
.b5, but I wanted to act on the kingside.} 6... a6 7. Be2 (7. a4 Nc6 $5) 7...
c5 8. d5 b5 9. cxb5 axb5 10. Bxb5 (10. Nxb5 h6) 10... Ba6 (10... h5 11. Nge2)
11. O-O Bxb5 12. Nxb5 {with a small plus for White.}) 7. Be2 h5 8. h4 {This
came as a surprise.} (8. O-O e5 9. d5 h4 10. Nh1 Nh7 11. f3 Ndf6 12. f4 $5 exf4
13. Bxf4 Nd7 $1 {was played in the game Bologan-Bacrot, Biel 2012, Black has a
nice position. The text weakens the g4-square a little bit, but it does give
White some attacking prospects in the future.}) 8... a6 9. Bg5 (9. a4 {is more
ambitions} c5 (9... e5 10. d5 a5 11. Bg5 Nc5 12. Bxh5 gxh5 13. Nxh5 {This line
shows how strong White's attack can be.}) 10. d5 Ne5 11. O-O ({Or} 11. f4 Neg4
12. f5 $5) 11... Nh7 (11... e6 12. Bg5) 12. f4 Ng4 13. e5 dxe5 14. f5 {with
unclear play.}) 9... c5 10. d5 b5 11. b3 {And this is a real shock! This
careless move simply throws away an exchange, I didn't see any compensation
for White during the game. But now I realise I was wrong. On the other hand,
it's because of this move that the game becomes interesting.} (11. cxb5 axb5
12. Bxb5 (12. Nxb5 Nh7 13. Bc1 Ne5) 12... Ba6 {Black is doing fine.}) 11... Nh7
12. Bd2 b4 13. Na4 Bxa1 {I was too optimistic about my position.} (13... e6 {
is simple but strong. After} 14. Rc1 Bd4 {Black's pieces are more active.}) 14.
Qxa1 e5 {I want to close the centre, and I believe he will take the pawn, but
he attacks in a different way} 15. Bh6 (15. dxe6 fxe6 16. Bh6 (16. e5 Nxe5 17.
Nxc5 Qf6 {was what I thought}) 16... Rf7 17. Qd1 Qe7 18. e5 $5 Nxe5 19. Ne4 d5
$5 20. Nexc5 (20. cxd5 exd5 21. Nexc5 Bg4) 20... dxc4 21. bxc4 Bb7 {Black is
much better.}) 15... Re8 16. f4 {Suddenly White's plan became clear. Put the
pawn on f5, transfer the queen to e3, then wait for the chance to sacrifice on
h5.} Ra7 {A useful waiting move.} (16... Nb6 17. Nxb6 Qxb6 18. O-O) (16... Qf6
17. f5 gxf5 18. Nxf5 Ndf8 19. Bg5 $1 {Neither line is promising for Black.})
17. f5 Kh8 18. Qc1 Rg8 19. Bg5 ({During the game I was more afraid of} 19. Qe3
{threatening Bg5} Ndf6 (19... a5 20. Bg5) (19... gxf5 20. exf5) 20. Bg5 Bd7 (
20... a5 21. Bd1 Bd7 22. Nb2 a4 23. bxa4 {White is solid}) 21. Nb2 ({But} 21.
Nxc5 $5 {is very interesting.} dxc5 22. Qxc5 Ra8 23. Qd6 Nxg5 24. hxg5 Nh7 25.
Qxe5+ Rg7 26. f6 Rg8 27. Qf4 {Despite being a rook down, White's centre pawns
are extremely strong}) 21... Qa5 (21... Nxg5 {isn't good in view of} 22. hxg5
Nh7 23. f6 Qa5 24. Nd1 Qxa2 25. Nxh5) 22. Nd3 Qxa2 23. fxg6 Rxg6 24. O-O Qxb3
25. Nxh5 Ng4 {but the computer simply judges the position as winning for Black.
}) 19... Nxg5 20. hxg5 Kg7 21. Qe3 ({Closing the position with} 21. f6+ {
is not a wise decision} Kf8 22. Nf1 Nb6 23. Nb2 a5 {With my king becoming safe,
I would have an easy game.}) 21... Rh8 {Surprisely, this is a mistake.} (21...
Kf8 {is better:} 22. fxg6 fxg6 23. Bxh5 (23. O-O+ Kg7 24. Nf5+ {looks scary,
but doesn't work.} gxf5 25. exf5 Kh8 26. f6 Nf8 27. Bxh5 Rh7) 23... Ke8 $1 {
And this is the point! With the idea of ...Nf8} (23... gxh5 24. Qf3+) 24. Nf5
$5 Nf8 25. Nxc5 $5 dxc5 26. Qxc5 Qc7 {White's attack is defused.}) 22. Bxh5 {
There's no reason to wait.} gxh5 23. Nxh5+ Kf8 (23... Kg8 24. Qg3 (24. g4 $1)
24... Kf8 25. g6 Rg8 {was my first thought. But 24.g4 is the most energetic
reply. White's a rook down, in return, he has a wonderful pawn structure, more
space and more active pieces. It's hard to find a move for Black.}) 24. g6 (24.
g4 $5 {deserves attention as well.} Ke8 (24... Qe7 25. g6 fxg6 26. fxg6 Ke8 27.
g7 Rg8 28. Qh6 Kd8 29. Qh7 Qe8 30. g5) (24... Rc7 25. g6) 25. Qh3 $1 (25. Ng7+
Ke7 26. f6+ Nxf6 27. gxf6+ Kxf6 28. Nh5+ Kg6 ({But not} 28... Ke7 29. Nxc5) 29.
Qh3 Qg5 30. Nf4+ Qxf4 31. Qxh8 Qxe4+ 32. Kd2 Qf4+ 33. Kc2 Bxg4 {Black is on top
}) 25... Qxg5 (25... Ke7 26. g6) (25... Rg8 26. Ng7+) 26. Ng7+ Qxg7 27. Qxh8+
Qxh8 (27... Qf8 28. g5) 28. Rxh8+ Nf8 29. Nb6 Bd7 30. g5 Ke7 31. Rg8 Rb7 32.
Nxd7 Rxd7 {The position should be equal.}) 24... fxg6 25. fxg6 Kg8 (25... Nf6 {
won't give me anything special.} 26. Qg5 Qe7 ({Not} 26... Rg7 27. O-O) 27. g7+
Qxg7 28. Nxg7 Rxh1+ 29. Ke2 Nxe4 30. Ne6+ Bxe6 31. Qd8+ Kf7 32. dxe6+ Kxe6 {
With the exposed king on the board, I should be worried about being worse.})
26. Qf3 (26. g7 {is too precipitate.} Rh7 27. Qh3 Nf8 $1 28. gxf8=Q+ Kxf8 $1 {
Black gets a winning advantage through accurate defence} (28... Qxf8 29. Qh4))
26... Qe7 27. g4 Rh6 {Here we have reached the critical moment of the game.}
28. Nb6 {A serious mistake. He has sacrificed too many pieces to trade off my
queen. Once my army has recoordinated, his position should fall apart very
soon.} ({He should have played} 28. Qf5 $1 {My intention was to play} Nb6 (
28... Rc7 {didn't give Black anything more than a draw either:} 29. Kd2 $1 (29.
g7 Rxh5 30. Rxh5 Nf6 31. Rh8+ Kxg7 32. Rxc8 Rxc8 33. Qxc8 Nxe4) 29... Nb6 30.
Nf6+ Kg7 31. Nh5+ Kh8 $2 (31... Kg8 {is a draw}) 32. Qf3 Nxa4 33. Kd3 $3 {
An intricate computer move! White is winning despite being a rook and a bishop
down. It's hard to believe that there's no resource for Black.} (33. Kc2 {
is worse because of} Nc3 34. g5 Ne2 $1) 33... Nb2+ (33... Kg8 34. Nf6+ Qxf6 35.
Qxf6 Rxh1 36. Qd8+) (33... Bxg4 34. Qxg4 Qf8 35. bxa4 Qf2 36. Qf5 Qd4+ 37. Ke2
Qxc4+ 38. Kf3 Qd3+ 39. Kg4 Qe2+ 40. Kg5 Qe3+ 41. Kf6) 34. Kc2 Nd1 35. g7+ Kg8
36. g5 Bg4 37. gxh6 Bxf3 38. Nf6+ Qxf6 39. h7+ Kf7 40. g8=Q+ Ke7 41. Rf1 $3 {
These beautiful lines demonstrate the strength of White's setup.}) 29. Nf6+ Kg7
30. Nh5+ Kh8 $2 {, but after} 31. Qf3 $1 {Black would even lose. 32.g5 is
unstoppable.} Nxa4 (31... Nd7 32. Nb6 $1) 32. g5 {I should settle for a draw
by 30...Kg8.}) 28... Nxb6 29. Nf6+ Qxf6 30. Qxf6 Rxh1+ 31. Kf2 Bxg4 {Now the
position became clear. He could take some pawns, but I would fight for the
initiative, giving back some pieces when necessary.} 32. Qxd6 ({Taking the
knight is too slow.} 32. Qd8+ Kg7 33. Qxb6 Rd7) 32... Nc8 33. Qd8+ (33. Qxe5
Re7 34. Qf4 (34. Qf6 Rh3) 34... Bh3 $1 {changes nothing. Black is much better.}
) 33... Kg7 34. Qg5 Bd7 35. Qxe5+ (35. d6 Rh3 $1 36. Qxe5+ Kxg6 37. Qxc5 a5 {
and all Black's pieces are protected , with ...a4 to follow.}) 35... Kxg6 36.
Qg3+ Kh7 37. Qf4 Be8 {An important manoeuvre.} (37... Bg4 {is strong as well,
but it's not so clear for me.} 38. Qxg4 Nd6) 38. Qf5+ Bg6 39. Qxc8 Rf7+ 40. Ke3
Re1+ 41. Kd2 Rxe4 42. Qxc5 Rff4 {The simplest winning move. I doubled the
rooks on the 4th rank, prepared to give checks.} 43. d6 ({It's important that
he can't take the pawn:} 43. Qxb4 Rf2+ 44. Kd3 Rc2 $1 {is the key point of my
42th move.}) 43... Rd4+ 44. Ke3 Rfe4+ 45. Kf2 Rd2+ 46. Kf3 Red4 47. Qxb4 Rxd6 {
I miss a straight win, fortunately it doesn't spoil anything.} (47... R4d3+ 48.
Kg4 Rg2+ 49. Kf4 (49. Kh4 Bf5 50. Qb7+ Rg7) 49... Rf2+ 50. Kg4 Kh6) 48. Qb8
Rf6+ 49. Ke3 ({It's better for him to play} 49. Kg3 Rxa2 {but I'm still
winning anyway. Now I can push his king to the edge of the board, the rest is
easy.}) 49... Rd3+ 50. Ke2 Re6+ 51. Kf2 Bh5 52. Kf1 Rf3+ 53. Kg2 Rg6+ 54. Kh2
Rf7 55. Qe5 Rfg7 56. Qf5 Bg4 57. Qe4 Bd7 58. b4 Kh8 59. Qa8+ Rg8 {White
resigned.} 0-1

[Event "FIDE World Cup"]
[Site "Tromsoe"]
[Date "2013.08.16"]
[Round "2.3"]
[White "Moiseenko, Alexander"]
[Black "Bacrot, Etienne"]
[Result "1-0"]
[WhiteElo "2699"]
[BlackElo "2714"]
[Annotator "Szabo,Kr"]
[PlyCount "71"]
[EventDate "2013.08.11"]
[EventType "k.o."]
[EventRounds "7"]
[EventCountry "NOR"]
[SourceTitle "CBM 156"]
[Source "ChessBase"]
[SourceDate "2013.09.17"]
[SourceVersion "1"]
[SourceVersionDate "2013.09.17"]
[SourceQuality "1"]

1. d4 Nf6 2. c4 g6 3. Nc3 Bg7 4. e4 d6 5. Bd3 O-O 6. Nge2 c5 7. d5 e6 8. Bg5 (
8. O-O) ({and} 8. h3 {are more common ways.}) 8... h6 9. Bh4 exd5 10. exd5 {
Moiseenko tries to improve his move, which he played on the previous day.} (10.
Nxd5 Nc6 (10... g5 {is too risky, because} 11. Bg3 Nxd5 12. exd5 Bxb2 {and} 13.
h4 $5 {and White has some initiative.}) 11. Nec3 Be6 12. O-O Bxd5 13. Nxd5 g5 {
Now it is important, as the pin is very unpleasant.} 14. Bg3 Nxd5 15. cxd5 Ne5
16. Be2 Ng6 17. Bg4 Re8 18. Qc2 Bd4 19. Rab1 b5 20. Kh1 a6 21. Bf5 Ne7 (21...
Qf6 $6 {is dubious, because of} 22. f4 $1 $36) 22. Bg4 Ng6 23. Bf5 {and
repetition of moves, 1/2 Moiseenko-Bacrot, Tromso m/2.2 2013.}) 10... Nbd7 11.
f4 g5 $5 {A very ambitious choice.} 12. Bg3 ({If White accept with} 12. fxg5 {
Black's reply is} Ng4 13. Qd2 Nde5 $1 14. Bc2 (14. O-O Nxd3 15. Qxd3 hxg5 16.
Bg3 f5 $15 {and Black is very active.}) 14... f6 $1 {A typical move by Mr.
Houdini!} (14... Nxc4 $4 {is not working, as} 15. Qd3 $1 $18 {and White wins.})
15. Bg3 (15. g6 $6 Nxc4 $17) (15. gxf6 Bxf6 16. Bxf6 Qxf6 $17 {Black has a
huge initiative for the P.}) 15... fxg5 $36 {and Black looks nicely placed.})
12... Ng4 $146 {A logical novelty by Bacrot.} (12... Nh5 {was also interesting}
13. O-O gxf4 14. Bxf4 Ne5 15. Qd2 Nxd3 16. Qxd3 Nxf4 17. Nxf4 (17. Rxf4 $5)
17... Qg5 18. Rae1 Bf5 19. Qf3 Rae8 $132 {with a double-edged fight,
Biebinger-Bialas, Germany 1989.}) 13. O-O $5 {A nice and brave decision. White
sacrifices an exchange for the attack on the Kside.} ({In the event of} 13. Qd2
Bd4 {Black creates some counterplay on the dark squares. If White tries to
remove the B with} 14. Nxd4 cxd4 15. Ne2 Ne3 $36 {and the e3 N dominates like
an octopus with its eight legs.}) 13... Ne3 14. Qd2 Nxf1 15. Rxf1 gxf4 {
The first critical moment. Bacrot immediately wants to activate his knight on
the e5-square, on the other hand it creates some weaknesses on the Kside.} (
15... f5 16. fxg5 Qxg5 17. Qxg5 hxg5 18. Bxd6 Rf7 $13 {with an unclear endgame.
}) ({Maybe} 15... Qe7 {was the best,} 16. Re1 (16. fxg5 hxg5 17. Rf5 Ne5 (17...
f6 {looks very ugly, but Black tries to hold his position.}) 18. Bxe5 dxe5 19.
Rxg5 f5 $132 {with a double-edged fight.}) 16... Re8 17. Nb5 Qe3+ (17... a6 18.
Nec3 $1) 18. Qxe3 Rxe3 {and Black hasn't got any problem.}) 16. Bxf4 Ne5 17.
Bxh6 f5 (17... Nxd3 $2 {is not good, as} 18. Bxg7 Kxg7 19. Qxd3 $16 {and White
is better.}) (17... Bxh6 18. Qxh6 f5 (18... Nxd3 $2 {loses by} 19. Ne4 $1 f5
20. Rf3 $1 $18 {and White wins.}) 19. Bb1 Qf6 20. Qf4 $44 {and White has nice
compensation, but no more.}) 18. Bxg7 Kxg7 19. Nf4 Rh8 (19... Qe7 {was an
interesting alternative.}) 20. h3 Qe7 21. Nce2 {He prepares for Ng3.} (21. Ne6+
Bxe6 22. dxe6 Qxe6 23. Bxf5 (23. Rxf5 Rh6) 23... Qh6 {and Black can hold the
position.}) 21... Bd7 $6 (21... Rf8 {was better to protect the f5P.}) 22. Ng3 {
White continues his plan.} ({On the other hand} 22. Ne6+ $1 {was more precise}
Bxe6 23. dxe6 {for example:} Qxe6 24. Ng3 $1 $16 {and White has a very
dangerous attack.}) 22... Raf8 $6 (22... Nxd3 {was better practical chance,
but Black's position was already difficult.} 23. Qxd3 Rhf8 $1 (23... Raf8 24.
Ne6+ $1 {similar to the game.}) 24. Ngh5+ (24. Ne6+ Bxe6 25. dxe6 Qxe6 26.
Nxf5+ Kh8 $1 {This is the point of the 23...Rhf8!}) 24... Kf7 25. Qf3 $36) 23.
Ne6+ $1 Bxe6 24. dxe6 f4 25. Nf5+ Rxf5 26. Bxf5 Rh4 ({The computer tries to
resist with} 26... f3 {, but} 27. Be4 Rh6 28. Bxf3 Nxf3+ 29. Rxf3 Rxe6 30. Kh2
{and Black's position is hopeless.}) 27. b3 $1 $18 {A very strong cool-blooded
reply.} f3 28. gxf3 Rd4 29. Qg2+ Kf8 30. f4 Nc6 31. Kh1 Qf6 32. Qg5 Ke7 33. Rg1
Qxg5 34. fxg5 Ne5 35. g6 Nf3 36. Rf1 {A smart win by Moiseenko!} 1-0